000 00352nam a2200157Ia 4500
100 _aPetri/Jurgen
650 _aNetBeans
942 _cBK
366 _f25
654 _anetbeans
245 _aNetBeans Platform 6.9 Developers guide
260 _bPackt open source
_c2010
082 _a5.133
_bPET
300 _a273
546 _aENGLISH
_celectronics
999 _c25434
_d25434